000
00316 a2200157 4500
001
62095
020
_a
040
_c
Anchieta - Pituba
100
_a
Calmon, Pedro
240
1
0
_a
HIstória do Brasil
_l
por
245
1
0
_a
HIstória do Brasil
300
_a
1508
362
0
_a
1971
650
4
_a
Brasil
942
_c
BK
999
_c
62095
_d
62095